| 000 | 00400nam a2200121Ia 4500 | ||
|---|---|---|---|
| 008 | 220615s9999||||xx |||||||||||||| ||und|| | ||
| 245 | 0 | _aRisk Management in Environment, Production and Economy | |
| 546 | _aEnglish[eng] | ||
| 650 | _aManagement & management techniques | ||
| 700 | _aSavino, Matteo | ||
| 856 | _uhttps://mts.intechopen.com/storage/books/452/authors_book/authors_book.pdf | ||
| 942 | _cEB | ||
| 999 |
_c18985 _d18985 |
||